That night
| Main Author: | |
|---|---|
| Format: | Book |
| Published: |
Naperville, Illinois :
Sourcebooks Fire ,
2019
|
| Subjects: |
MARC
| LEADER | 00000cam a2200000 7i4500 | ||
|---|---|---|---|
| 001 | 0000242567 | ||
| 005 | 20200611003712.0 | ||
| 020 | |a 9781492679042 | ||
| 090 | 0 | 0 | |a F |b BAL |
| 100 | 1 | |a Balog, Cyn | |
| 245 | 1 | 0 | |a That night |c Cyn Balog |
| 260 | |a Naperville, Illinois : |b Sourcebooks Fire , |c 2019 | ||
| 300 | |a 310p. ; |c 21cm. | ||
| 650 | 0 | |a Fiction | |
| 999 | |a 00380783 |b BUKU |c PINJAMAN |e PERPUSTAKAAN KOMUNITI PETALING JAYA | ||